000 00343 a2200157 4500
001 186111
020 _a978-0-2307-1673-5
040 _cMagnum
100 _aMurgatroyd, Nicholas
240 1 0 _aThe Three Musketeers
_lING
245 1 0 _aThe Three Musketeers
300 _a71
362 0 _a2009
697 _aLITERATURA INGLESA
942 _cBK
999 _c186111
_d186111